2024-2025 NCAA Men's DI Bracket-Difficult - Statistics

General Stats
  • This quiz has been taken 2 times
  • The average score is 9 of 68
Answer Stats
Seed Round of 64 (South) % Correct
1 Duke
100%
1 Houston
100%
4 Arizona
50%
1 Auburn
50%
12 Colorado St
50%
9 Creighton
50%
1 Florida
50%
7 Kansas
50%
8 Louisville
50%
5 Michigan
50%
2 Michigan St
50%
11 Texas
50%
8 UConn
50%
11 VCU
50%
15 Wofford
50%
11 Xavier
50%
13 Akron
0%
2 Alabama
0%
16 Alabama St
0%
16 American
0%
10 Arkansas
0%
9 Baylor
0%
15 Bryant
0%
6 BYU
0%
5 Clemson
0%
11 Drake
0%
9 Georgia
0%
8 Gonzaga
0%
13 Grand Canyon
0%
13 High Point
0%
6 Illinois
0%
3 Iowa St
0%
3 Kentucky
0%
12 Liberty
0%
14 Lipscomb
0%
7 Marquette
0%
4 Maryland
0%
12 McNeese
0%
5 Memphis
0%
8 Mississippi St
0%
6 Missouri
0%
14 Montana
0%
16 Mount St Marys
0%
10 New Mexico
0%
16 Norfolk St
0%
11 North Carolina
0%
9 Oklahoma
0%
6 Ole Miss
0%
15 Omaha
0%
5 Oregon
0%
4 Purdue
0%
15 Robert Morris
0%
16 Saint Francis
0%
7 Saint Mary's
0%
11 San Diego St
0%
16 SIUE
0%
2 St John's
0%
2 Tennessee
0%
4 Texas A&M
0%
3 Texas Tech
0%
14 Troy
0%
7 UCLA
0%
12 UC San Diego
0%
14 UNC Wilmington
0%
10 Utah St
0%
10 Vanderbilt
0%
3 Wisconsin
0%
13 Yale
0%
No matching quizzes found
Score Distribution
Percent of People with Each Score
Percentile by Number Answered
Your Score History
You have not taken this quiz